|
|
|
|
| LEADER |
00651nem a22001932a 4500 |
| 001 |
000545049 |
| 003 |
CZ BrMZK |
| 005 |
20080222075730.0 |
| 008 |
000105s1975 xr f cze d |
| 040 |
|
|
|a BOA001
|b cze
|
| 245 |
0 |
0 |
|a Střední Evropa
|h [kartografický dokument] :
|b přehledná automapa /
|c odp. red. Vladimír Vokálek
|
| 250 |
|
|
|a 2. vyd.
|
| 255 |
|
|
|a 1:1 500 000
|
| 260 |
|
|
|a Praha :
|b Kartografie,
|c 1975
|
| 300 |
|
|
|a 1 list ;
|c 77 x 91 cm
|
| 700 |
1 |
|
|a Vokálek, Vladimír
|7 jx20071107037
|
| 910 |
|
|
|a BOA001
|b Mp4-0673.025-75
|
| 990 |
|
|
|a MP
|
| 996 |
6 |
|
|b 2619722023
|c Mp4-0673.025-75
|l MZK
|r Sklad / do 1 hodiny
|n 0
|w 000545049
|u 000010
|a 1
|e BOA001
|j MZK50
|s P
|